1458 1327 1239 1018 1076 1631 1032 1756 1538 1615 1087 1058 1291 1271 1184 1782 1343 1423 1537 1234 1116 1206 1728 1952 1538 1295 1852 1779 1060 1965 1745 1888 1856 1671 1753 1004 1771 1018 1172 1765 1537 1336 1414 1532 1164 1720 1243 1997 1918 1490 1574 1540 1706 1844 1530 1589 1669 1455 1039 1557 1484 1112 1884 1826 1777 1472 1811 1696 1571 1396 1148 1167 1910 1900 1611 1152 1733 1823 1373 1418 1965 1501 1903 1292 1738 1574 1673 1704 1365 1532 1060 1069 1948 1409 1540 1471 1718 1280 1170 BCNSPRNW ULIB Ver.6.0+V

เปลี่ยนเป็นภาษาไทย

Change to English
 แสดงรายละเอียดบรรณานุกรม
  กลับหน้าหลัก

Brief Record : Get Marc (ISO 2709) : E-mail record : QR code < ปิดหน้าต่าง
LEADER : 00000nam 2200000uu 4500
001    13399122454
003     ULIB
008    020711s2553 th a 000 0 tha d
020    9786169058397
090    นว.^bช271ห
100    ชลการณ์
110    บีไมน์
245    หมากรักเกมใจ ไฟริษยา /^bชลการณ์
250    พิมพ์ครั้งที่ 1
260    กรุงเทพฯ :^bบีไมน์,^c2553
300    264 หน้า
945    ^p175^l0^i19950
999    ^aทศพร เกษรทอง
รายการนี้ยังไม่มีแท็ก
คุณยังไม่ได้ล็อกอิน คุณสามารถมีกิจกรรมร่วมกับเว็บไซต์ได้ แต่ต้องล็อกอินก่อน ::
  ล็อกอิน

รายการสื่อสารสนเทศ

ลำดับที่ ประเภท เลขเรียก/บาร์โค้ด สถานที่ สถานะ
1. นวนิยาย
นวนิยาย
นว. ช271ห  
  Barcode: 19950
ห้องสมุดวิทยาเขตสวรรค์ประชารักษ์
►นวนิยาย
บนชั้น
  ขอยืม

BibComment


ยังไม่เคยถูกคอมเมนท์

คอมเมนท์ทรัพยากรรายการนี้
  คอมเมนท์: หมากรักเกมใจ ไฟริ..


 Copyright 2026. Bcnsprnw @Library